Normal view
MARC view
- Scott,Paul
Entry Personal Name
001 - CONTROL NUMBER
- control field: 111644
003 - CONTROL NUMBER IDENTIFIER
- control field: NUST
005 - DATE AND TIME OF LATEST TRANSACTION
- control field: 20230331102404.0
008 - FIXED-LENGTH DATA ELEMENTS
- fixed length control field: 230331|| aca||aabn | a|a d
040 ## - CATALOGING SOURCE
- Original cataloging agency: NUST
- Transcribing agency: NUST
100 ## - HEADING--PERSONAL NAME
- Personal name: Scott,Paul
670 ## - SOURCE DATA FOUND
- Source citation: Work cat.: (NUST)186783: Scott,Paul, The Birds of Paradise /
